| 000 | 00461nam a22001697a 4500 | ||
|---|---|---|---|
| 003 | CEME | ||
| 005 | 20210628205709.0 | ||
| 008 | 210315b xxu||||| |||| 00| 0 eng d | ||
| 040 | _c. | ||
| 082 | _a297.1243 WHY | ||
| 100 |
_aWaheed-Uz-Zaman, Allama _976697 |
||
| 245 | _aShahih muslim sharif | ||
| 260 |
_aLAHORE _bNOUMANI KUTAB KHANA _c1981 |
||
| 300 | _a525P, 6 VOLS | ||
| 650 |
_aISLAM-HADITH-SHAHIH MUSLIM SHARIF MUSLIM SHARIF _976698 |
||
| 942 |
_cBK _2ddc |
||
| 999 |
_c582044 _d582044 |
||